01121nam a22002657a 450000500170000001000150001702000280003202000230006003500130008303700130009608200100010924501190011926000460023827000660028430000240035050001960037450000510057065000260062165000400064765000470068765000340073465000370076870000220080570000280082720150429110613.0 aENG-112406 a9780199453726c895.00  a0199453721c895.00 aEN-95938 bDBAD/PUB a303.6 aThe weight of violence : cedited by Saitya Brata Das [and] Soumyabrata Choudhurybreligion, language, politics /  aNew Delhi bOxford University Pressc2015 aYMCA Library Building, 1 Jai Singh Road, bNew Delhi e110001 axxi,271p.c23cm(Hb) a Papers presented at the International Conference on ’Religion, Violence, Language’, jointly sponsored by ICPR and IIAS held at Indian Institute of Advanced Study during 9-11 April, 2012. aIncludes bibliographical references and index. aViolencevCongresses. aViolence xPhilosophy vCongresses. a ViolencexReligious aspects vCongresses. aSociolinguisticsvCongresses. aPolitical violence vCongresses. aDas, Saitya Brata aChoudhury, Soumyabrata